| Tag |
First Indicator |
Second Indicator |
Subfields |
| LEADER |
00000cam a2200000 4500 |
| 001 |
in00000037717 |
| 005 |
20151007080559.0 |
| 008 |
720914s1949 eng u |
| 010 |
|
|
|a 49004067
|
| 035 |
|
|
|a (OCoLC)00406345
|
| 035 |
|
|
|9 AAF5044AM
|
| 040 |
|
|
|c OUN
|d TXA
|d UtOrBLW
|
| 049 |
|
|
|a TXAM
|c [169225]
|
| 050 |
|
0 |
|a BX1519
|b .C33 1949
|
| 082 |
0 |
|
|a 282.4391
|
| 092 |
|
|
|a 282.4391
|b C267c
|
| 245 |
0 |
0 |
|a Cardinal Mindszenty speaks ;
|b authorized white book /
|c pub. by order of Joseph Cardinal Mindszenty. Introd. by Akos Zombory.
|
| 250 |
|
|
|a [1st ed.].
|
| 264 |
|
1 |
|a New york :
|b Longmans, Green,
|c 1949.
|
| 300 |
|
|
|a xi, 234 pages ;
|c 21 cm.
|
| 336 |
|
|
|a text
|b txt
|2 rdacontent
|
| 337 |
|
|
|a unmediated
|b n
|2 rdamedia
|
| 338 |
|
|
|a volume
|b nc
|2 rdacarrier
|
| 500 |
|
|
|a A translation of papers selected from those sent out of Hungary by Cardinal Mindszenty. A similar publication in German was issued under the title: Weissbuch; vier Jahre Kirchenkampf in Ungarn.
|
| 610 |
2 |
0 |
|a Catholic Church
|z Hungary
|x History
|x Sources.
|
| 650 |
|
0 |
|a Church and state
|z Hungary.
|
| 651 |
|
0 |
|a Hungary
|x Politics and government
|y 1945-1989.
|
| 700 |
1 |
|
|a Mindszenty, József,
|d 1892-1975.
|
| 999 |
|
|
|a MARS
|
| 999 |
f |
f |
|s 17f3c006-22ab-3e3d-8e8b-d6c389f702a7
|i 93fdff32-215f-3bc9-a4ae-648c1676a584
|t 0
|
| 952 |
f |
f |
|p ric
|a Texas A&M University
|b Rellis Campus
|c Joint Library Facility
|d Remote Storage
|t 0
|e BX1519 .C33 1949
|h Library of Congress classification
|i unmediated -- volume
|m A14800623198
|
| 998 |
f |
f |
|a BX1519 .C33 1949
|t 0
|l Remote Storage
|